Post-Conflict Reconstructions: from extremism to peaceful co-existence/ (Record no. 178420)

MARC details
000 -LEADER
fixed length control field 00665nam a22001817a 4500
005 - DATE AND TIME OF LATEST TRANSACTION
control field 20210330151154.0
010 ## - LCCN (DPL NO)
LC control number ENG-129332
020 ## - INTERNATIONAL STANDARD BOOK NUMBER
International Standard Book Number 978-93-5388-411-6
Terms of availability 1150.00
035 ## - SYSTEM CONTROL NUMBER
System control number EN-112864
037 ## - SOURCE OF ACQUISITION
Source of stock number/acquisition DBAD/PUB
082 ## - DEWEY DECIMAL CLASSIFICATION NUMBER
Classification number 327.174
100 ## - MAIN ENTRY--PERSONAL NAME
Personal name Sulaiman, Sadia
245 ## - TITLE STATEMENT
Title Post-Conflict Reconstructions: from extremism to peaceful co-existence/
Statement of responsibility, etc Sadia Sulaiman
260 ## - PUBLICATION, DISTRIBUTION, ETC. (IMPRINT)
Place of publication, distribution, etc New Delhi
Name of publisher, distributor, etc Sage Publication India
Date of publication, distribution, etc 2020
270 ## - ADDRESS
Address B1/1-1 Mohan Cooperative Industrial Area Mathura Road
City New Delhi
Postal code 110044
300 ## - PHYSICAL DESCRIPTION
Extent xiv+262p.
Dimensions 22cm(hbk)
Other physical details Including tables, index and bibliographical references.
942 ## - ADDED ENTRY ELEMENTS (KOHA)
Source of classification or shelving scheme Dewey Decimal Classification
Item type English Books
Classification part 327.174
Call number suffix SUL
Holdings
Withdrawn status Lost status Not for loan Collection code Home library Current library Date acquired Source of acquisition Cost, normal purchase price Full call number Barcode Copy number Cost, replacement price Koha item type
      Non-fiction Shahdara Branch Shahdara Branch 30/03/2021 DBAD/PUB 1150.00 327.174 SUL EN-112864 1 1150.00 English Books

© Delhi Public Library
Hit Counter
free hit counter